000 01113nam a2200229Ia 4500
999 _c39374
_d39374
001 5963
003 GE_BSU
005 20190805151755.0
008 181216s2012||||ge |||||||||||||| ||geo||
020 _a9789994021512
040 _cGE_BSU
041 _ageo
080 _a371.12(79.223)(09) ა-96
100 _aახალაძე, ნანა
_93028
245 _aარ დაეკარგვის ამაგი :
_bნ.1: წარმოჩენილია მეცნიერები, პედაგოგები, ხელოვანები და სპორტის მუშაკები /
_cნანა ახალაძე ; რედ. აკაკი ზოიძე ; საქ. ი. გოგებაშვილის პედაგოგთა კავშირი.
264 _a ბათუმი :
_bაჭარა,
_c2012.
300 _a447 გვ.:
_bფოტ.;
_c20 სმ.
653 _aისტორია
653 _aპედაგოგიკა
700 _aზოიძე, აკაკი
_eრედაქტორი
_92060
942 _cBK
_2udc